| 000 | 00589nam a2200193Ia 4500 | ||
|---|---|---|---|
| 005 | 20250507130141.0 | ||
| 008 | 008 250505s9999 xx 000 0 eng d | ||
| 037 | _aDIS | ||
| 040 |
_aEASL _beng _cEASL |
||
| 041 |
_aeng _2eng |
||
| 084 |
_a0000097, SUD _qEASL |
||
| 100 | _aSudhir Kumar | ||
| 245 | 0 | _aKomentaang mein gutbanditavaad ki smeekha Prof. Sreemati Chakrabarti | |
| 260 |
_aIndia _bDelhi University. Social Sciences. Chinese & Japanese _c1997 |
||
| 300 | _a129p. | ||
| 650 |
_aKMT; Diss _9755004 |
||
| 942 |
_cDIS _h0000097, SUD |
||
| 999 |
_c1317988 _d1317988 |
||